| 000 | 00686nam a22002177a 4500 | ||
|---|---|---|---|
| 003 | OSt | ||
| 005 | 20260318010249.0 | ||
| 008 | 260318b |||||||| |||| 00| 0 eng d | ||
| 020 | _a971-506-081-1. | ||
| 040 |
_aDWCL Main lib _cOC |
||
| 082 |
_2Rev. ed. _aFil. 808.8 G216a 1993 |
||
| 100 | _aGarcia, Carolina U. | ||
| 245 |
_aAn anthology of continental literature (13th century-20th century) _cGarcia, Carolina U. |
||
| 250 | _aRev. ed. | ||
| 260 |
_aManila : _bUST Publishing House, _cc1993. |
||
| 300 |
_ax, 209 p. ; _c22 cm. |
||
| 650 | _a1. Literature-Collections. | ||
| 700 | _aPiedad G. Rosales | ||
| 700 | _aOphelia A. Dimalanta | ||
| 942 |
_2ddc _cBK - FIL _eRev ed. _kFil. _n0 |
||
| 999 |
_c9250 _d9250 |
||